| 000 | 00739cam a22002532 4500 | ||
|---|---|---|---|
| 999 |
_c17500 _d17500 |
||
| 001 | 0000008583 | ||
| 003 | OSt | ||
| 005 | 20190228113855.0 | ||
| 008 | 080428s xx 000 0 eng d | ||
| 020 |
_a1473725393 : _c4894 |
||
| 040 |
_aKABU _cKABU |
||
| 050 | 0 |
_aHB172 _b.M36 2017 c.1 |
|
| 100 | 1 | _aMankiw, N. Gregory. | |
| 245 | 1 | 0 |
_aMicroeconomics. / _cN. Gregory Mankiw and Mark P. Taylor. |
| 260 |
_aLondon : _bThomson Learning, _c2017. |
||
| 300 | _ax, 423p. | ||
| 650 | 0 | _aMicroeconomics. | |
| 700 | 1 | _aTaylor, Mark P. | |
| 908 | _a080428 | ||
| 942 |
_2lcc _cBK |
||